Study on registered land transaction in ruesseilok commune, chiraeng disrict, siem reap province, សិក្សាពីការផ្ទេរសិទ្ធិចំពោះដីដែលបានចុះបញ្ជីរួចរបស់ប្រជាពលរដ្ឋនៅឃុំឫស្សីលក ស្រុកដីក្រែ ខេត្តសៀមរាប (Record no. 5587)
[ view plain ]
| 000 -LEADER | |
|---|---|
| fixed length control field | 00747nam a22001577a 4500 |
| 003 - CONTROL NUMBER IDENTIFIER | |
| control field | OSt |
| 005 - DATE AND TIME OF LATEST TRANSACTION | |
| control field | 20160104160907.0 |
| 008 - FIXED-LENGTH DATA ELEMENTS--GENERAL INFORMATION | |
| fixed length control field | 160104b xxu||||| |||| 00| 0 eng d |
| 040 ## - CATALOGING SOURCE | |
| Transcribing agency | RUA |
| 082 ## - DEWEY DECIMAL CLASSIFICATION NUMBER | |
| Classification number | LMA KOE 2010 B308 Or.1 |
| 100 ## - MAIN ENTRY--PERSONAL NAME | |
| 9 (RLIN) | 5989 |
| Personal name | KOEK, BONA. |
| 245 ## - TITLE STATEMENT | |
| Title | Study on registered land transaction in ruesseilok commune, chiraeng disrict, siem reap province, សិក្សាពីការផ្ទេរសិទ្ធិចំពោះដីដែលបានចុះបញ្ជីរួចរបស់ប្រជាពលរដ្ឋនៅឃុំឫស្សីលក ស្រុកដីក្រែ ខេត្តសៀមរាប |
| 260 ## - PUBLICATION, DISTRIBUTION, ETC. (IMPRINT) | |
| Place of publication, distribution, etc. | Phnom Penh |
| Name of publisher, distributor, etc. | RUA |
| Date of publication, distribution, etc. | 2011 |
| 300 ## - PHYSICAL DESCRIPTION | |
| Extent | ix; 52p. |
| Other physical details | ill. |
| Dimensions | 29cm. |
| 942 ## - ADDED ENTRY ELEMENTS (KOHA) | |
| Source of classification or shelving scheme | |
| Koha item type | LMA |
| Price effective from | Date last seen | Permanent Location | Not for loan | Date acquired | Source of classification or shelving scheme | Koha item type | Lost status | Withdrawn status | Total Renewals | Date last checked out | Total Checkouts | Shelving location | Damaged status | Barcode | Current Location | Full call number |
|---|---|---|---|---|---|---|---|---|---|---|---|---|---|---|---|---|
| 2016-01-04 | 2016-01-04 | Library Block B | 2016-01-04 | LMA | B308 | RUA025546 | Library Block B | LMA KOE 2010 B308 Or.1 | ||||||||
| 2016-01-04 | 2016-01-04 | Library Block B | 2016-01-04 | LMA | B308 | RUA025545 | Library Block B | LMA KOE 2010 B308 Or.2 | ||||||||
| 2016-01-04 | 2016-01-04 | Library Block B | 2016-01-04 | LMA | B308 | RUA025832 | Library Block B | LMA KOE 2010 B308 Or.3 | ||||||||
| 2016-01-04 | 2016-10-28 | Library Block B | 2016-01-04 | LMA | 2016-10-19 | 1 | B308 | RUA049626 | Library Block B | LMA KOE 2010 B308 Or.4 | ||||||
| 2016-01-04 | 2023-05-03 | Library Block B | 2016-01-04 | LMA | 2023-03-14 | 1 | B308 | RUA049566 | Library Block B | LMA KOE 2010 B308 Or.5 | ||||||
| 2016-01-04 | 2016-10-17 | Library Block B | 2016-01-04 | LMA | 2016-10-17 | 1 | B308 | RUA049506 | Library Block B | LMA KOE 2010 B308 Or.6 | ||||||
| 2016-01-04 | 2016-01-04 | Library Block B | 2016-01-04 | LMA | B308 | RUA049446 | Library Block B | LMA KOE 2010 B308 Or.7 | ||||||||
| 2016-01-04 | 2023-08-07 | Library Block B | 2016-01-04 | LMA | 2023-06-20 | 4 | B308 | RUA049331 | Library Block B | LMA KOE 2010 B308 Or.8 | ||||||
| 2016-02-01 | 2024-08-01 | Library Block B | 2016-02-01 | LMA | 2 | 2024-06-28 | 3 | B308 | rua050892 | Library Block B | LMA KOE 2010 B308 Or.9 |